| 000 | 00586nam a22002177a 4500 | ||
|---|---|---|---|
| 003 | OSt | ||
| 005 | 20210414101755.0 | ||
| 008 | 210311s2002 ||||| |||| 00| 0 eng d | ||
| 020 | _a0007132840 | ||
| 040 |
_aeng _beng _cDLC |
||
| 041 | _aeng | ||
| 080 |
_a92 _bC-25 |
||
| 100 |
_91379 _aCarpenter, Humphrey |
||
| 245 |
_aJ. R. R. Tolkien _b: A Biography _c/ by: Harper Collins Publishers |
||
| 260 |
_aLondon _bHarper Collins Publishers _c2002 |
||
| 300 |
_a384 p. _bill. |
||
| 365 | _b22.60 usd | ||
| 650 | 0 |
_9237 _aBiography |
|
| 653 | _aბიოგრაფია | ||
| 942 |
_2udc _cBK |
||
| 999 |
_c2150 _d2150 |
||